[Event "AUTO-INT-886"]
[Site "http://www.queenalice.com/game.php?id=396730"]
[Date "2008.5.2"]
[Round "1"]
[White "douglasmy"]
[Black "mvson33"]
[Result "0-1"]
[WhiteElo "1835"]
[BlackElo "1741"]

1. d4 Nf6 2. c4 e5 3. dxe5 Ng4 4. Nf3 Bc5 5. e3 Nc6 6. h3 Ngxe5 7. Nxe5 Nxe5 8.
Be2 O-O 9. O-O d6 10. Nc3 Be6 11. b3 Qe7 12. Bb2 Rad8 13. Ne4 Bb6 14. Qc2 Bf5
15. Bd3 Nxd3 16. Qxd3 Bxe4 17. Qc3 Qg5 18. f3 Qxe3+ 19. Qxe3 Bxe3+ 20. Kh1 Bc6
21. Rfe1 Bg5 0-1

[Event "AUTO-INT-886"]
[Site "http://www.queenalice.com/game.php?id=396731"]
[Date "2008.5.2"]
[Round "1"]
[White "mvson33"]
[Black "douglasmy"]
[Result "0-1"]
[WhiteElo "1736"]
[BlackElo "1725"]

1. d4 d5 2. c4 dxc4 3. Nc3 e6 4. Nf3 Bb4 5. e3 b5 6. Be2 Nf6 7. O-O a6 8. Qc2
O-O 9. Ne4 Bb7 10. Nxf6+ Qxf6 11. Bd2 Nc6 12. Ne5 Bxd2 13. Nd7 Qg6 14. Nxf8 Qxc2
0-1

[Event "AUTO-INT-886"]
[Site "http://www.queenalice.com/game.php?id=396732"]
[Date "2008.5.2"]
[Round "1"]
[White "douglasmy"]
[Black "darkjedi"]
[Result "0-1"]
[WhiteElo "1730"]
[BlackElo "1844"]

1. d4 Nf6 2. c4 e6 3. a3 d5 4. e3 c5 5. Nf3 Nc6 6. Nc3 Be7 7. cxd5 Nxd5 8. Bb5
cxd4 9. Nxd4 Bd7 10. Qa4 Nxc3 11. bxc3 Nxd4 12. Bxd7+ Qxd7 13. Qxd7+ Kxd7 14.
cxd4 Rhc8 15. Kd2 Rc6 16. Bb2 Rac8 17. Rhc1 Rxc1 18. Rxc1 Rxc1 19. Bxc1 Kc6 20.
Kc3 Kb5 21. Kb3 Bd6 22. a4+ Kc6 23. h4 a6 24. e4 b5 25. e5 Be7 26. axb5+ Kxb5
27. h5 a5 28. f4 a4+ 29. Ka2 Kc4 30. Ba3 Bxa3 31. Kxa3 Kxd4 0-1

[Event "AUTO-INT-886"]
[Site "http://www.queenalice.com/game.php?id=396734"]
[Date "2008.5.2"]
[Round "1"]
[White "douglasmy"]
[Black "Corinthians17"]
[Result "1-0"]
[WhiteElo "1818"]
[BlackElo "1521"]

1. d4 d5 2. e3 Nc6 3. h3 Bf5 4. c4 Nb4 5. Na3 e6 6. Bd2 Nc6 7. c5 Nf6 8. Nf3 Be7
9. Bb5 Qd7 10. O-O a6 11. Bxc6 Qxc6 12. Ne5 Bd3 13. Nxc6 Bxf1 14. Nxe7 Kxe7 15.
Qxf1 Ne4 16. Bb4 a5 17. Bc3 Nxc3 18. bxc3 c6 19. c4 Rhd8 20. Rb1 Rab8 21. Qe2 f5
22. Qh5 h6 23. Qg6 Kf8 24. Qxe6 dxc4 25. Qxf5+ Kg8 26. Nxc4 b5 27. cxb6 c5 28.
Qxc5 Rbc8 29. Qe7 Rf8 30. b7 Rxc4 31. b8=Q Rc1+ 32. Rxc1 Rxb8 33. Rc7 Rb1+ 34.
Kh2 Rh1+ 35. Kxh1 Kh7 36. Qxg7# 1-0

[Event "AUTO-INT-886"]
[Site "http://www.queenalice.com/game.php?id=396735"]
[Date "2008.5.2"]
[Round "1"]
[White "Corinthians17"]
[Black "douglasmy"]
[Result "0-1"]
[WhiteElo "1604"]
[BlackElo "1777"]

1. d4 d5 2. Nc3 Bf5 3. Bf4 a6 4. e3 Nc6 5. Nf3 Nb4 6. Bd3 Nxd3+ 7. cxd3 Nf6 8.
O-O e6 9. Qb3 b5 10. Rac1 Bxd3 11. Rfd1 Bc4 12. Qc2 b4 13. b3 bxc3 14. bxc4 Bb4
15. a3 Bxa3 16. Ra1 Bb2 17. Ra2 dxc4 18. Be5 O-O 19. Bxf6 Qxf6 20. e4 Qe7 21.
Ne5 Qd6 22. Nxc4 Qd7 23. Nxb2 cxb2 24. Rxb2 Rfb8 25. Rdb1 Rxb2 26. Qxb2 Qb5 27.
Qc2 Qd7 28. Rb7 Qxd4 29. Rxc7 Qa1+ 30. Qc1 Qxc1+ 31. Rxc1 a5 32. f4 a4 33. g4 a3
34. Kf2 a2 35. Ra1 Ra3 36. Rc1 h6 37. Ra1 g5 38. f5 exf5 39. exf5 f6 40. Ke2 Kf7
41. Kd2 Ke7 42. Kc2 Kd6 43. Kb2 Ra4 44. Rxa2 Rxa2+ 45. Kxa2 Ke5 46. Kb2 Kf4 47.
h3 Kg3 48. Kc3 Kxh3 49. Kd4 Kxg4 50. Ke4 h5 51. Kd5 Kxf5 52. Kd6 h4 53. Ke7 h3
54. Kf7 h2 55. Kg7 h1=Q 56. Kg8 Qa8+ 57. Kg7 Qe8 58. Kh6 Qh8# 0-1

[Event "AUTO-INT-898"]
[Site "http://www.queenalice.com/game.php?id=401538"]
[Date "2008.5.11"]
[Round "1"]
[White "Aldo2020"]
[Black "douglasmy"]
[Result "0-1"]
[WhiteElo "1496"]
[BlackElo "1772"]

1. d4 d5 2. e3 Nf6 3. Qf3 Bg4 4. Qf4 Qd7 5. Nc3 a6 6. f3 Nh5 7. Qg5 h6 8. Qh4 g5
9. Qxh5 Bxh5 10. Nh3 Nc6 11. Bd2 Bg6 12. e4 dxe4 13. Nxe4 Nxd4 14. O-O-O Qa4 15.
Bd3 Qxa2 16. Bc3 Bg7 17. Kd2 Bxe4 18. Bxe4 O-O-O 19. Ke3 Nxc2+ 20. Bxc2 Bxc3 21.
Bf5+ e6 22. Bb1 Qxb2 23. Nf2 Bd4+ 24. Ke4 f5+ 25. Kd3 Bxf2+ 26. Kc4 b5# 0-1

[Event "AUTO-INT-898"]
[Site "http://www.queenalice.com/game.php?id=401539"]
[Date "2008.5.11"]
[Round "1"]
[White "douglasmy"]
[Black "Aldo2020"]
[Result "1-0"]
[WhiteElo "1767"]
[BlackElo "1501"]

1. d4 d5 2. e3 Nf6 3. h3 Nc6 4. c4 Qd6 5. c5 Qe6 6. Bd3 h5 7. Nf3 Na5 8. b4 Nc4
9. Bxc4 dxc4 10. Qc2 b6 11. Na3 Ba6 12. b5 Bb7 13. c6 Bc8 14. Nxc4 Ne4 15. O-O
a6 16. Nce5 f5 17. bxa6 Rxa6 18. Ng5 Nxg5 19. Bb2 Ne4 20. Rfb1 Rxa2 21. Rxa2
Qxa2 22. Ra1 Qd5 23. Ra8 Nd6 24. Ba3 Kd8 25. Qa4 Ne4 26. Rxc8+ Kxc8 27. Qa8# 1-0

[Event "AUTO-INT-898"]
[Site "http://www.queenalice.com/game.php?id=401552"]
[Date "2008.5.11"]
[Round "1"]
[White "douglasmy"]
[Black "joaoreis001"]
[Result "0-1"]
[WhiteElo "1639"]
[BlackElo "1824"]

1. d4 d5 2. e3 Nf6 3. h3 Ne4 4. c4 Be6 5. Nf3 Nc6 6. Bd3 Bf5 7. cxd5 Qxd5 8. Nc3
Nxc3 9. bxc3 g6 10. Bxf5 Qxf5 11. Ba3 O-O-O 12. O-O e5 13. Bxf8 Rhxf8 14. d5 e4
15. Nh4 Qxd5 16. Qxd5 Rxd5 17. g3 Ne5 18. Rad1 Nd3 19. c4 Rd6 20. f4 Rc6 21. Rb1
Rxc4 22. Rb3 Rc2 23. Ra3 a6 24. Ng2 f5 25. Ne1 Rd2 26. Nxd3 Rxd3 27. Rxd3 exd3
28. Rd1 Rd8 29. Rd2 c5 30. Kf1 b5 31. Ke1 c4 32. Kd1 Kc7 33. Kc1 Kc6 34. Kb2 Kd5
0-1

[Event "AUTO-INT-898"]
[Site "http://www.queenalice.com/game.php?id=401553"]
[Date "2008.5.11"]
[Round "1"]
[White "joaoreis001"]
[Black "douglasmy"]
[Result "1-0"]
[WhiteElo "1815"]
[BlackElo "1648"]

1. Nf3 d5 2. d4 Nc6 3. e3 a6 4. g3 Bf5 5. a3 Nf6 6. Nc3 e6 7. b4 Bd6 8. b5 Ne7
9. Bb2 O-O 10. h3 axb5 11. Nxb5 c6 12. Nxd6 Qxd6 13. Bd3 Be4 14. Bxe4 Nxe4 15.
a4 Qb4+ 16. Nd2 Qxb2 17. O-O Nxd2 18. Qxd2 Qb6 19. Rfb1 Qc7 20. Qb4 Rfb8 21. c4
dxc4 22. Qxc4 Ra5 23. Rb4 Rh5 24. h4 Nd5 25. Rb3 Nf6 26. Kg2 Ne4 27. Qd3 Nf6 28.
f3 Rh6 29. e4 Nh5 30. e5 Rg6 31. g4 Nf4+ 32. Kg3 Nxd3 33. Rxd3 h5 34. Rc3 hxg4
35. fxg4 Qe7 36. Rb1 1-0

[Event "AUTO-INT-898"]
[Site "http://www.queenalice.com/game.php?id=401554"]
[Date "2008.5.11"]
[Round "1"]
[White "douglasmy"]
[Black "Constantino"]
[Result "1-0"]
[WhiteElo "1667"]
[BlackElo "1329"]

1. e4 e5 2. Nf3 Nc6 3. Bc4 Nf6 4. Ng5 d5 5. exd5 Nxd5 6. Bxd5 Qxd5 7. Nf3 Bc5 8.
O-O O-O 9. Nc3 Qe6 10. d3 Qg6 11. Re1 Bh3 12. g3 e4 13. Nh4 Qf6 14. Nxe4 Qd8 15.
Nxc5 Qd5 16. Ne4 f6 17. c4 Qd4 18. Nf3 Qb6 19. b3 g5 20. Be3 Qa5 21. Nd4 f5 22.
Nxg5 Bg4 23. Nxc6 bxc6 24. Qd2 1-0

[Event "AUTO-INT-898"]
[Site "http://www.queenalice.com/game.php?id=401555"]
[Date "2008.5.11"]
[Round "1"]
[White "Constantino"]
[Black "douglasmy"]
[Result "0-1"]
[WhiteElo "1327"]
[BlackElo "1669"]

1. f4 d5 2. Nf3 Nc6 3. e3 Nf6 4. d4 Bg4 5. h3 Bxf3 6. gxf3 e6 7. f5 Bb4+ 8. c3
Bd6 9. c4 Bg3+ 10. Ke2 dxc4 11. Nc3 exf5 12. Qa4 O-O 13. d5 Nxd5 14. Qxc4 Nxc3+
15. Qxc3 Re8 16. b3 Be5 17. Qc4 Bxa1 18. h4 Nd4+ 19. Kf2 Nc6 20. Rg1 Ne5 21. Qf4
Nd3+ 22. Kg3 Nxf4 23. Kxf4 Qxh4+ 0-1

[Event "AUTO-INT-798"]
[Site "http://www.queenalice.com/game.php?id=415680"]
[Date "2008.6.10"]
[Round "2"]
[White "douglasmy"]
[Black "zemaria"]
[Result "0-1"]
[WhiteElo "1703"]
[BlackElo "1788"]

1. d4 e6 2. e4 c5 3. e5 d6 4. dxc5 d5 5. a3 Bxc5 6. b4 Bb6 7. Bb5+ Nd7 8. Nf3 a6
9. Bxd7+ Qxd7 10. O-O Ne7 11. Bg5 h6 12. Bxe7 Qxe7 13. Nc3 Bd7 14. Re1 O-O-O 15.
Nd4 Kb8 16. Qb1 Bxd4 17. Qb3 Qe8 18. Red1 Bxe5 19. Ra2 Rc8 20. Ne2 Ba4 21. Qd3
Bb5 22. Qe3 Bf6 23. Qg3+ Ka8 24. Nd4 Bc4 25. Raa1 Qd8 26. c3 Qd7 27. a4 Rhe8 28.
b5 Qd8 29. bxa6 bxa6 0-1

[Event "AUTO-INT-798"]
[Site "http://www.queenalice.com/game.php?id=415681"]
[Date "2008.6.10"]
[Round "2"]
[White "zemaria"]
[Black "douglasmy"]
[Result "1-0"]
[WhiteElo "1711"]
[BlackElo "1734"]

1. e4 e6 2. Nf3 d5 3. e5 c5 4. d4 Bd7 5. c4 cxd4 6. Qxd4 Bb4+ 7. Bd2 Bxd2+ 8.
Nbxd2 Nh6 9. Bd3 Nc6 10. Qc5 Qe7 11. Qd6 dxc4 12. Nxc4 O-O 13. a3 Rfd8 14. Be4
Rac8 15. Rc1 b5 16. Bxc6 Qxd6 17. Nxd6 Rxc6 18. O-O Rxc1 19. Rxc1 Nf5 20. Rc7
Nxd6 21. exd6 Be8 22. Re7 Rc8 23. Rc7 1-0

[Event "AUTO-INT-798"]
[Site "http://www.queenalice.com/game.php?id=415682"]
[Date "2008.6.10"]
[Round "2"]
[White "douglasmy"]
[Black "FOS2006"]
[Result "0-1"]
[WhiteElo "1678"]
[BlackElo "1805"]

1. d4 d5 2. e3 e6 3. c4 Nf6 4. Nf3 dxc4 5. Bxc4 Bb4+ 6. Bd2 Bxd2+ 7. Nbxd2 O-O
8. O-O a6 9. Qc2 b5 10. Bd3 Nc6 11. Ne4 Nb4 12. Qb3 Nxd3 13. Qxd3 Bb7 14. Nxf6+
Qxf6 15. Ne5 Rad8 16. Rfc1 Qe7 17. Nc6 Bxc6 18. Rxc6 Rd6 19. Rac1 Rxc6 20. Rxc6
Ra8 21. Qc2 Ra7 22. Qc5 Qxc5 23. Rxc5 g6 24. f4 Kg7 25. e4 Kf6 26. Kf2 h6 27.
e5+ Ke7 28. Kf3 f5 29. g4 Kf7 30. d5 exd5 31. Rxd5 fxg4+ 32. Kxg4 c6 33. Rd6 c5
34. f5 gxf5+ 35. Kxf5 h5 36. Rf6+ Ke7 37. e6 Ra8 38. Rf7+ Kd6 39. Kf6 Re8 40. e7
c4 41. h4 Kd7 0-1

[Event "AUTO-INT-798"]
[Site "http://www.queenalice.com/game.php?id=415683"]
[Date "2008.6.10"]
[Round "2"]
[White "FOS2006"]
[Black "douglasmy"]
[Result "1-0"]
[WhiteElo "1793"]
[BlackElo "1690"]

1. e4 e6 2. Nf3 d5 3. Bd3 c5 4. O-O c4 5. Be2 Nf6 6. exd5 exd5 7. Re1 Be6 8. Ng5
Bc5 9. d4 cxd3 10. Bxd3 O-O 11. Nxe6 fxe6 12. Rxe6 Qd7 13. Re2 Qg4 14. Be3 Bd6
15. f3 Qh4 16. g3 Qh3 17. Rg2 Nh5 18. Bf2 Nc6 19. Be2 Ne7 20. Bf1 Rf7 21. Nc3
Nf6 22. Kh1 Raf8 23. Rg1 Qh5 24. Nb5 Bb8 25. Nxa7 Bxa7 26. Bxa7 Nd7 27. f4 Qxd1
28. Rxd1 Rc8 29. Bd4 Rxc2 30. Bd3 Rc8 31. Rc1 Rxc1 32. Rxc1 Nc6 33. Bf2 Nb4 34.
Bb5 1-0